[Event "Portoroz op 13th"]
[Site "Portoroz"]
[Date "2019.07.08"]
[Round "4"]
[White "Christensen, Jan"]
[Black "Maksimenko, Andrei"]
[Result "0-1"]
[WhiteElo "2220"]
[BlackElo "2461"]
[PlyCount "56"]
[EventDate "2019.07.06"]
[EventType "swiss"]
[EventRounds "9"]
[EventCountry "SLO"]
[SourceTitle "CBM 191 Extra"]
[Source "ChessBase"]
[SourceDate "2019.09.30"]
[SourceVersion "1"]
[SourceVersionDate "2019.09.30"]
[SourceQuality "1"]

1. d4 e6 2. Nf3 c5 3. e3 d5 4. c4 cxd4 5. exd4 Nf6 6. cxd5 Nxd5 7. Bd3 Bb4+ 8. Bd2 Bxd2+ 9. Qxd2 Nc6 10. Nc3 0-0 11. 0-0 Nce7 12. Rfe1 b6 13. Rac1 Bb7 14. Ne4 Nf5 15. Bb1 Rc8 16. Rxc8 Qxc8 17. Ng3 Nxg3 18. hxg3 Rd8 19. Ne5 Qc7 20. Rc1 Qe7 21. a3 g6 22. Ba2 Nf6 23. Qf4 Kg7 24. Nc6 Bxc6 25. Rxc6 h5 26. Qe5 Rd7 27. b4 Qd8 28. Rc3 Rxd4 0-1

[Event "Aalborg Larsen Memorial"]
[Site "Aalborg"]
[Date "2018.10.17"]
[Round "5"]
[White "Christensen, Jan"]
[Black "Danielsen, Henrik"]
[Result "0-1"]
[WhiteElo "2207"]
[BlackElo "2502"]
[PlyCount "98"]
[EventDate "2018.10.13"]
[EventType "swiss"]
[EventRounds "7"]
[EventCountry "DEN"]
[SourceTitle "CBM 186 Extra"]
[Source "ChessBase"]
[SourceDate "2018.08.24"]
[SourceVersion "1"]
[SourceVersionDate "2018.08.24"]
[SourceQuality "1"]

1. d4 Nf6 2. Nf3 d6 3. Nc3 g6 4. e4 Bg7 5. Be3 c6 6. Qd2 Qa5 7. Bd3 Nbd7 8. Bh6 Bxh6 9. Qxh6 c5 10. 0-0 cxd4 11. Nxd4 a6 12. Rfe1 Qc5 13. Qe3 e5 14. Nb3 Qxe3 15. Rxe3 b6 16. Rd1 Bb7 17. f3 Ke7 18. Re2 Rhc8 19. Red2 Rc7 20. Bf1 Ne8 21. g3 Rb8 22. Bh3 Ndf6 23. Re2 Bc8 24. Bxc8 Rbxc8 25. f4 Rc4 26. Rdd2 Ng7 27. fxe5 dxe5 28. Nd5+ Nxd5 29. exd5 Kd6 30. c3 h5 31. Rd1 f5 32. Nd2 Rg4 33. b3 b5 34. c4 Rd4 35. Rc1 Rxd5 36. Rce1 Rd3 37. cxb5 axb5 38. a4 e4 39. axb5 Rb8 40. b6 Ne6 41. Nc4+ Kd5 42. Rb2 Nd4 43. Kf2 Nxb3 44. Ne3+ Kd4 45. Nc2+ Kc3 46. Reb1 Nd2 47. Ne1 Nxb1 48. Nxd3 exd3 49. Rxb1 d2 0-1

[Event "Aalborg Larsen Memorial"]
[Site "Aalborg"]
[Date "2018.10.15"]
[Round "3"]
[White "Christensen, Jan"]
[Black "Christiansen, Arne"]
[Result "1/2-1/2"]
[WhiteElo "2207"]
[BlackElo "2051"]
[PlyCount "40"]
[EventDate "2018.10.13"]
[EventType "swiss"]
[EventRounds "7"]
[EventCountry "DEN"]
[SourceTitle "CBM 186 Extra"]
[Source "ChessBase"]
[SourceDate "2018.08.24"]
[SourceVersion "1"]
[SourceVersionDate "2018.08.24"]
[SourceQuality "1"]

1. d4 Nf6 2. Nf3 e6 3. e3 b6 4. Bd3 Bb7 5. 0-0 d5 6. Ne5 Bd6 7. f4 0-0 8. Nd2 Nbd7 9. b3 c5 10. Bb2 Qe7 11. Qf3 Rac8 12. Qh3 Ne4 13. Nxe4 dxe4 14. Bc4 cxd4 15. exd4 Bxe5 16. fxe5 b5 17. Bxb5 Rxc2 18. Rf2 Rxf2 19. Kxf2 Nxe5 20. Be2 Ng6 1/2-1/2

[Event "DEN-chT 1718 56th"]
[Site "Denmark"]
[Date "2017.11.19"]
[Round "2.4"]
[White "Christensen, Jan"]
[Black "Vinter Schou, Uffe"]
[Result "0-1"]
[WhiteElo "2180"]
[BlackElo "2336"]
[PlyCount "78"]
[EventDate "2017.11.18"]
[EventType "team-tourn"]
[EventRounds "9"]
[EventCountry "DEN"]
[SourceTitle "CBM 181 Extra"]
[Source "ChessBase"]
[SourceDate "2017.12.12"]
[SourceVersion "1"]
[SourceVersionDate "2017.12.12"]
[SourceQuality "1"]
[WhiteTeam "Nordre"]
[BlackTeam "Aarhus/Skolerne"]
[WhiteTeamCountry "DEN"]
[BlackTeamCountry "DEN"]

1. d4 Nf6 2. Nf3 g6 3. Nc3 Bg7 4. e4 d5 5. Bd3 dxe4 6. Nxe4 Nxe4 7. Bxe4 Nd7 8. 0-0 0-0 9. h3 c5 10. c3 Nf6 11. Bc2 Qc7 12. Re1 Bf5 13. Bxf5 gxf5 14. Ne5 cxd4 15. cxd4 Rad8 16. Bf4 Qb6 17. Qc2 Qxd4 18. Qxf5 e6 19. Qg5 Nd5 20. Bg3 f6 21. Qg4 fxe5 22. Qxe6+ Kh8 23. Rad1 Nf4 24. Rxd4 Nxe6 25. Rxd8 Rxd8 26. Bxe5 Bxe5 27. Rxe5 Rd6 28. f4 Nxf4 29. Re8+ Kg7 30. Re7+ Kg6 31. Rxb7 Rb6 32. Rxa7 Rxb2 33. a4 Rxg2+ 34. Kf1 Ra2 35. h4 h6 36. Ra8 Kh5 37. a5 Kxh4 38. a6 h5 39. a7 Nd5 0-1

[Event "Pula op 31st"]
[Site "Pula"]
[Date "2017.09.15"]
[Round "8"]
[White "Christensen, Jan"]
[Black "Mainenti, Kevin"]
[Result "0-1"]
[WhiteElo "2229"]
[BlackElo "1827"]
[PlyCount "98"]
[EventDate "2017.09.09"]
[EventType "swiss"]
[EventRounds "9"]
[EventCountry "CRO"]
[SourceTitle "CBM 180 Extra"]
[Source "ChessBase"]
[SourceDate "2017.10.06"]
[SourceVersion "1"]
[SourceVersionDate "2017.10.06"]
[SourceQuality "1"]

1. d4 d5 2. c4 c6 3. Nf3 e6 4. Nc3 f5 5. Bf4 Bd6 6. Ne5 Nf6 7. e3 0-0 8. Bd3 Qe7 9. Qc2 Ne4 10. g4 Nd7 11. 0-0-0 Nxe5 12. dxe5 Bb4 13. gxf5 Bxc3 14. Bxe4 exf5 15. Qxc3 fxe4 16. e6 Bxe6 17. Rhg1 Rf5 18. Rg3 Qf6 19. Qb4 b5 20. cxb5 cxb5 21. Kb1 a6 22. Rgg1 Qf8 23. Qd4 Qf6 24. Qb6 Bd7 25. Qxf6 Rxf6 26. Rxd5 Rf7 27. Rgd1 Be6 28. Rd6 Bc4 29. b3 Bd3+ 30. Kb2 Rff8 31. f3 Be2 32. fxe4 Bxd1 33. Rxd1 Rad8 34. Rc1 Rc8 35. Rg1 Rfd8 36. Rg2 Rd1 37. Ka3 a5 38. Rg5 a4 39. Rxb5 axb3 40. axb3 h6 41. b4 g5 42. Rb8 Rxb8 43. Bxb8 Rd3+ 44. Ka4 Rxe3 45. e5 Kf7 46. b5 Ke6 47. b6 Kd5 48. Kb5 Rb3+ 49. Ka6 Kc6 0-1

[Event "Pula op 31st"]
[Site "Pula"]
[Date "2017.09.12"]
[Round "5"]
[White "Jovanic, Ognjen"]
[Black "Christensen, Jan"]
[Result "1-0"]
[WhiteElo "2490"]
[BlackElo "2229"]
[PlyCount "115"]
[EventDate "2017.09.09"]
[EventType "swiss"]
[EventRounds "9"]
[EventCountry "CRO"]
[SourceTitle "CBM 180 Extra"]
[Source "ChessBase"]
[SourceDate "2017.10.06"]
[SourceVersion "1"]
[SourceVersionDate "2017.10.06"]
[SourceQuality "1"]

1. c4 c5 2. Nc3 Nf6 3. Nf3 e6 4. e3 Nc6 5. d4 d5 6. cxd5 exd5 7. Be2 Be7 8. 0-0 0-0 9. b3 Bf5 10. Bb2 Rc8 11. Rc1 cxd4 12. Nxd4 Nxd4 13. Qxd4 Bc5 14. Qf4 Bg6 15. Na4 Be7 16. Rxc8 Qxc8 17. Rc1 Qe6 18. Nc5 Qb6 19. Na4 Qa5 20. Qd4 b5 21. Bc3 b4 22. Bb2 Rd8 23. f3 h6 24. Qd2 d4 25. Bxd4 Nd5 26. Qb2 Bf8 27. Rc6 Re8 28. Qd2 Qd8 29. Bc4 Kh7 30. e4 Ne7 31. Rc5 Nc8 32. Rd5 Qh4 33. Bf2 Qf6 34. Bd4 Qh4 35. g3 Qe7 36. Bb5 Rd8 37. Bc5 Rxd5 38. Qxd5 Qf6 39. Bxf8 Qxf3 40. Qd3 Qf6 41. Bc5 Qa1+ 42. Kg2 Qxa2+ 43. Bf2 Nd6 44. Bc6 Nc8 45. Bd7 Ne7 46. Bf5 Nc6 47. Qd5 Ne7 48. Bxg6+ fxg6 49. Qf7 Ng8 50. Nc5 Qc2 51. Qc4 Qxc4 52. bxc4 a5 53. Na4 Ne7 54. e5 Kg8 55. Kf3 Kf7 56. Ke4 Ke6 57. Nc5+ Kf7 58. e6+ 1-0

[Event "Aalborg Larsen Memorial"]
[Site "Aalborg"]
[Date "2016.10.19"]
[Round "5"]
[White "Christensen, Jan"]
[Black "Rewitz, Poul"]
[Result "0-1"]
[WhiteElo "2179"]
[BlackElo "2215"]
[PlyCount "40"]
[EventDate "2016.10.15"]
[EventType "swiss"]
[EventRounds "7"]
[EventCountry "DEN"]
[SourceTitle "CBM 175 Extra"]
[Source "ChessBase"]
[SourceDate "2016.12.12"]
[SourceVersion "1"]
[SourceVersionDate "2016.12.12"]
[SourceQuality "1"]

1. d4 g6 2. e4 Bg7 3. Nc3 d5 4. exd5 Nf6 5. Bc4 Nbd7 6. Bb3 Nb6 7. Nf3 0-0 8. 0-0 a5 9. a3 a4 10. Ba2 Nbxd5 11. Nxd5 Nxd5 12. Re1 Bg4 13. h3 Bxf3 14. Qxf3 e6 15. c3 c6 16. Bd2 Qf6 17. Qg3 Qf5 18. Bb1 Qh5 19. Re4 Qd1+ 20. Be1 f5 0-1

[Event "DEN-chT 1415 53rd"]
[Site "Denmark"]
[Date "2015.03.07"]
[Round "8.6"]
[White "Christensen, Jan"]
[Black "Maarup, Michael"]
[Result "0-1"]
[WhiteElo "2208"]
[BlackElo "2152"]
[PlyCount "94"]
[EventDate "2014.10.25"]
[EventType "team-tourn"]
[EventRounds "9"]
[EventCountry "DEN"]
[SourceTitle "EXT 2016"]
[Source "ChessBase"]
[SourceDate "2015.10.08"]
[SourceVersion "1"]
[SourceVersionDate "2015.10.08"]
[SourceQuality "1"]
[WhiteTeam "Nordre"]
[BlackTeam "Esbjerg"]
[WhiteTeamCountry "DEN"]
[BlackTeamCountry "DEN"]

1. d4 e6 2. Nf3 d5 3. e3 Nf6 4. Bd3 c5 5. b3 Qa5+ 6. Nbd2 Nc6 7. 0-0 cxd4 8. exd4 Qc3 9. Rb1 Nxd4 10. Nxd4 Qxd4 11. Ne4 Qb6 12. Nxf6+ gxf6 13. c4 d4 14. Qf3 Be7 15. b4 Bd7 16. Re1 Bc6 17. Qe2 Rg8 18. f3 Qc7 19. Bd2 h5 20. b5 Bd7 21. Qe4 f5 22. Qf4 Qxf4 23. Bxf4 f6 24. Re2 e5 25. Rbe1 Bb4 26. Rb1 Bc5 27. Bg3 Kf7 28. Kf1 Rge8 29. Be1 Re7 30. Bd2 Rc8 31. g3 Be6 32. Kg2 b6 33. a4 Rec7 34. Ree1 Bd6 35. Bb4 Bxb4 36. Rxb4 Bxc4 37. Bxf5 Be6 38. Be4 Rd8 39. Bc6 Bd5 40. Kf2 Bxc6 41. Rc4 Rdc8 42. Rec1 Ke6 43. h4 Kd6 44. Rxc6+ Rxc6 45. Rxc6+ Rxc6 46. bxc6 Kxc6 47. g4 Kd6 0-1

[Event "DEN-ch Seniors 50"]
[Site "Randers"]
[Date "2015.02.13"]
[Round "7"]
[White "Christiansen, Arne"]
[Black "Christensen, Jan"]
[Result "0-1"]
[WhiteElo "2146"]
[BlackElo "2213"]
[PlyCount "56"]
[EventDate "2015.02.07"]
[EventType "swiss"]
[EventRounds "7"]
[EventCountry "DEN"]
[SourceTitle "EXT 2016"]
[Source "ChessBase"]
[SourceDate "2015.10.08"]
[SourceVersion "1"]
[SourceVersionDate "2015.10.08"]
[SourceQuality "1"]

1. Nf3 Nf6 2. c4 c5 3. Nc3 e6 4. g3 b6 5. Bg2 Bb7 6. 0-0 a6 7. d4 cxd4 8. Nxd4 Bxg2 9. Kxg2 Qc7 10. Qd3 d6 11. b3 Nbd7 12. Bb2 Be7 13. f3 0-0 14. e4 Rac8 15. Rac1 Rfe8 16. Rfd1 Bf8 17. Nde2 Qb7 18. Nd4 Ne5 19. Qe2 d5 20. cxd5 exd5 21. f4 Nc6 22. e5 Nxd4 23. Rxd4 Bc5 24. Rcd1 Bxd4 25. Rxd4 b5 26. Qf3 Ne4 27. Nxd5 Rc2+ 28. Kh3 Qc8+ 0-1

[Event "DEN-ch Seniors 50"]
[Site "Randers"]
[Date "2015.02.11"]
[Round "5"]
[White "Jorgensen, Orla Eilegaard"]
[Black "Christensen, Jan"]
[Result "0-1"]
[WhiteElo "1604"]
[BlackElo "2213"]
[PlyCount "56"]
[EventDate "2015.02.07"]
[EventType "swiss"]
[EventRounds "7"]
[EventCountry "DEN"]
[SourceTitle "EXT 2016"]
[Source "ChessBase"]
[SourceDate "2015.10.08"]
[SourceVersion "1"]
[SourceVersionDate "2015.10.08"]
[SourceQuality "1"]

1. f4 e5 2. fxe5 d6 3. Nf3 Bg4 4. e6 fxe6 5. e4 Nf6 6. Nc3 Be7 7. g3 0-0 8. Bg2 d5 9. exd5 exd5 10. d4 c5 11. Be3 Nc6 12. 0-0 Rc8 13. Qd2 Bxf3 14. Rxf3 cxd4 15. Bh3 dxe3 16. Qxe3 Rb8 17. Be6+ Kh8 18. Qg5 Nd4 19. Bxd5 Nxf3+ 20. Bxf3 Ne4 21. Qg4 Qd4+ 22. Kg2 Qf2+ 23. Kh1 Nxc3 24. Bg2 Nb5 25. Be4 Nd6 26. Bd5 Nf5 27. Be4 Ne3 28. Qh3 Qf1+ 0-1

[Event "DEN-ch Seniors 50"]
[Site "Randers"]
[Date "2015.02.10"]
[Round "4"]
[White "Larsen, Flemming Bo"]
[Black "Christensen, Jan"]
[Result "1-0"]
[WhiteElo "2186"]
[BlackElo "2213"]
[PlyCount "61"]
[EventDate "2015.02.07"]
[EventType "swiss"]
[EventRounds "7"]
[EventCountry "DEN"]
[SourceTitle "EXT 2016"]
[Source "ChessBase"]
[SourceDate "2015.10.08"]
[SourceVersion "1"]
[SourceVersionDate "2015.10.08"]
[SourceQuality "1"]

1. c4 c5 2. g3 Nf6 3. Nf3 b6 4. Bg2 Bb7 5. 0-0 e6 6. Nc3 a6 7. d4 cxd4 8. Qxd4 d6 9. b3 Nbd7 10. Ba3 Nc5 11. b4 Ncd7 12. e4 Qc7 13. Nd2 Be7 14. Bb2 0-0 15. Rac1 Rac8 16. a3 Rfe8 17. Rfe1 Bf8 18. h3 Ne5 19. Nd1 Nfd7 20. Ne3 Qb8 21. Rc2 a5 22. Qc3 b5 23. Qb3 a4 24. Qa2 Nd3 25. Rd1 Qa7 26. Ba1 bxc4 27. Ndxc4 N3e5 28. Nxd6 Rxc2 29. Qxc2 Bxd6 30. Rxd6 Rc8 31. Qd2 1-0

[Event "DEN-chT 1415 53rd"]
[Site "Denmark"]
[Date "2015.01.10"]
[Round "4.7"]
[White "Christensen, Jan"]
[Black "Jorgensen, Dennis"]
[Result "1/2-1/2"]
[WhiteElo "2208"]
[BlackElo "2243"]
[PlyCount "61"]
[EventDate "2014.10.25"]
[EventType "team-tourn"]
[EventRounds "9"]
[EventCountry "DEN"]
[SourceTitle "EXT 2016"]
[Source "ChessBase"]
[SourceDate "2015.10.08"]
[SourceVersion "1"]
[SourceVersionDate "2015.10.08"]
[SourceQuality "1"]
[WhiteTeam "Nordre"]
[BlackTeam "Obro"]
[WhiteTeamCountry "DEN"]
[BlackTeamCountry "DEN"]

1. Nf3 Nf6 2. c4 b6 3. g3 Bb7 4. Bg2 e6 5. 0-0 c5 6. d4 cxd4 7. Qxd4 Nc6 8. Qf4 Ne7 9. Nc3 Ng6 10. Qd2 Be7 11. Re1 0-0 12. e4 d6 13. b3 Rc8 14. Bb2 a6 15. Qe2 Qc7 16. Rad1 Rfd8 17. h3 Nd7 18. Nd4 Bf8 19. h4 h6 20. Bh3 Re8 21. h5 Nge5 22. f4 Nc6 23. Nc2 Rcd8 24. Ne3 Nc5 25. Qg4 Bc8 26. Bg2 Nb4 27. Qe2 Bb7 28. Rf1 Nd7 29. a3 Nc6 30. Ng4 Na5 31. f5 1/2-1/2